[Event "Yvelines-ch"]
[Site "Fontenay le Fleury"]
[Date "2003.02.14"]
[Round "5.30"]
[White "Sineux, Sandra"]
[Black "Filain, Johannie"]
[Result "0-1"]
[WhiteElo "1380"]
[BlackElo "1610"]
[PlyCount "80"]
[EventDate "2003.02.17"]
[EventType "swiss"]
[EventRounds "7"]
[EventCountry "FRA"]
[SourceTitle "EXT 2004"]
[Source "ChessBase"]
[SourceDate "2003.11.25"]
[SourceVersion "1"]
[SourceVersionDate "2003.11.25"]
[SourceQuality "1"]

1. e4 d5 2. exd5 Qxd5 3. Nc3 Qa5 4. d4 Bf5 5. Bc4 Nf6 6. Bd2 c6 7. Nf3 e6 8. Ne4 Qd8 9. Ng3 Bg4 10. c3 Bd6 11. Qe2 b5 12. Bb3 a5 13. Ne4 Nxe4 14. Qxe4 Bf5 15. Qe3 a4 16. Bd1 Nd7 17. Ne5 Bxe5 18. dxe5 Qc7 19. f4 h6 20. 0-0 Qb6 21. Bf3 Qxe3+ 22. Bxe3 Rc8 23. Rad1 Rc7 24. Rd6 Nb8 25. Rfd1 0-0 26. Rd8 Rc8 27. Rxf8+ Rxf8 28. Rd6 Rc8 29. Ba7 Bb1 30. a3 Kh7 31. Bxb8 Rxb8 32. Bxc6 Kg6 33. g3 Kf5 34. Kf2 Kg4 35. Kg2 Ba2 36. Bf3+ Kf5 37. g4+ Kxf4 38. Rd4+ Ke3 39. Rd6 Kf4 40. Rd4+ Ke3 0-1

[Event "Yvelines-ch"]
[Site "Fontenay le Fleury"]
[Date "2003.02.09"]
[Round "4.32"]
[White "Filain, Johannie"]
[Black "Holin, Yannick"]
[Result "1/2-1/2"]
[WhiteElo "1610"]
[BlackElo "1160"]
[PlyCount "92"]
[EventDate "2003.02.17"]
[EventType "swiss"]
[EventRounds "7"]
[EventCountry "FRA"]
[SourceTitle "EXT 2004"]
[Source "ChessBase"]
[SourceDate "2003.11.25"]
[SourceVersion "1"]
[SourceVersionDate "2003.11.25"]
[SourceQuality "1"]

1. c4 c5 2. Nc3 g6 3. g3 Bg7 4. Bg2 Nc6 5. Nf3 b6 6. 0-0 Bb7 7. d3 Nf6 8. Bd2 0-0 9. Qc1 e6 10. Bh6 Re8 11. Bxg7 Kxg7 12. Re1 Nd4 13. Nxd4 Bxg2 14. Kxg2 cxd4 15. Nb5 e5 16. e3 d6 17. Na3 Rc8 18. exd4 exd4 19. Nc2 Rc5 20. Nxd4 Qa8+ 21. Kg1 Ng4 22. Rxe8 Qxe8 23. Nf3 Qe2 24. Qc3+ Re5 25. d4 Qxf2+ 26. Kh1 Re3 27. Qd2 Qxf3+ 28. Qg2 Nf2+ 29. Kg1 Qxg2+ 30. Kxg2 Re2 31. b4 Ng4+ 32. Kf3 Rxh2 33. Kxg4 Rc2 34. c5 bxc5 35. dxc5 Rc4+ 36. Kf3 Rxb4 37. Rd1 Rb5 38. Rxd6 Rxc5 39. Rd7 Ra5 40. Kg4 Rxa2 41. Kh4 Kf6 42. Kg4 h5+ 43. Kf4 a6 44. Rd6+ Kg7 45. Kg5 Ra3 46. Kf4 Kh6 1/2-1/2